000 00281nam a2200133 i 4500
001 bg
245 0 _aProgrammier-Praxis mit C.
250 _aAusgabe 7.
260 _aVogel,
_c1990.
040 _cBPK
041 _apol
942 _cKS
008 s pl f |000 0 pol
999 _c29561
_d29561
856 _uhttp://koha.tu.koszalin.pl/cgi-bin/koha/opac-detail.pl?biblionumber=29561
_yKatalog online BPK